000 00961nam a2200277 i 4500
003 EG-GICUC
005 20260419125257.0
008 260419s1969 tu ||||fr|||| 00| 0 fre d
040 _aEG-GiCUC
_bfre
_cEG-GiCUC
_dEG-GiCUC
_eRda
082 0 4 _221
_a341.65
_bCO . X
092 0 4 _221
099 _aLaw1 11 341.65 CO . X 1969
110 _aComité International de la Croix-Rouge
_eAuteur
245 _aXXIe Conférence Internationale de la Croix-Rouge/
_cComité International de la Croix-Rouge.
264 1 _aIstanbul :
_bPalais De La Culture,
_c1969 .
300 _a119 page ;
_c24 cm.
336 _2rda contenu
_a texte
337 _2rda medias
_aOrdinateur
338 _2 transporteur rda
_a Ressource en ligne
546 _aTexte en français
650 _aDroit International Public
650 _aComité International de la Croix-Rouge
856 4 0 _uhttps://fll.law.cu.edu.eg/fulltext/bks/B11-09776.pdf
905 _a59
942 _2ddc
_n0
_cBK
_e21
999 _c71915
_d71915